000 00594nam a2200193 a 4500
003 mo
005 20170328092906.0
008 121010s19uu xx 00 eng d
050 _aM
_b813.5 Mc479 1999
100 _aMckie, Anna
245 _aFifty bedtime stories.
260 _aLittle Venice, London :
_bGrandreams Limited,
_c1999.
300 _a93
500 _aThe Great green caterpillar. The Grumpy teddy bears. The Golden egg. Koala keeps up. Smile, it's a crocodile.
650 _aStories-fiction.
700 _aKen Mckie (illustrated by)
942 _2ddc
_cBK
999 _c115101
_d115101